000 00520nam a2200181Ia 4500
005 20250508160645.0
008 008 250505s9999 xx 000 0 eng d
037 _aTextual
040 _aFEDL
_beng
_cFEDL
041 _aeng
_2eng
084 _a665.5, ODE
_qFEDL
100 _aOdell Peter R
_995442
245 0 _aOil and World power: A geographical interpretation
260 _aHarmodsworth, UK
_bPenguin books Ltd.
_c1970
300 _a188p
942 _cTEXL
_h665.5, ODE
999 _c1365873
_d1365873